[Event "SVK-chT 1617"]
[Site "Slovakia"]
[Date "2016.10.23"]
[Round "2.2"]
[White "Markos, Jan"]
[Black "Mazur, Stefan"]
[Result "1/2-1/2"]
[WhiteElo "2572"]
[BlackElo "2446"]
[PlyCount "112"]
[EventDate "2016.10.22"]
[EventType "team-tourn"]
[EventRounds "11"]
[EventCountry "SVK"]
[SourceTitle "CBM 175 Extra"]
[Source "ChessBase"]
[SourceDate "2016.12.12"]
[SourceVersion "1"]
[SourceVersionDate "2016.12.12"]
[SourceQuality "1"]
[WhiteTeam "Humenne Reinter"]
[BlackTeam "Liptov Chess School"]
[WhiteTeamCountry "SVK"]
[BlackTeamCountry "SVK"]

1. Nf3 Nf6 2. g3 g6 3. Bg2 Bg7 4. 0-0 0-0 5. d4 d6 6. c4 Nc6 7. Nc3 Bf5 8. b3 e5 9. d5 Ne7 10. h3 Ne4 11. Bb2 Nxc3 12. Bxc3 Be4 13. Qd2 Bxf3 14. Bxf3 f5 15. Rac1 h5 16. e4 Kh7 17. Qd3 Bh6 18. Rc2 f4 19. g4 hxg4 20. Bxg4 f3 21. Bxf3 Ng8 22. Bg4 Nf6 23. f3 Nxg4 24. fxg4 Rxf1+ 25. Qxf1 Qe7 26. Kg2 a5 27. Rf2 Bf4 28. Bd2 g5 29. Rf3 Kg6 30. Be1 b6 31. Qd3 Qd7 32. Qc2 Rh8 33. Bf2 Ra8 34. Rc3 Rc8 35. a3 Ra8 36. Qb1 Rb8 37. Qd3 Qe8 38. Be1 Ra8 39. Qc2 Qd7 40. Qe2 Qe8 41. Rc2 Kf6 42. Ra2 Ra7 43. h4 gxh4 44. Bxh4+ Kg7 45. Bg3 Ra8 46. Qf3 Qg6 47. Rf2 Rf8 48. Qe2 Qg5 49. Bxf4 Rxf4 50. Rxf4 Qxf4 51. Qf3 Qd2+ 52. Kh3 Qc1 53. a4 Qd2 54. Kg3 Qe1+ 55. Kg2 Qd2+ 56. Kh3 Qc1 1/2-1/2

[Event "SVK-chT 1516"]
[Site "Slovakia"]
[Date "2016.02.27"]
[Round "7.6"]
[White "Miton, Kamil"]
[Black "Markos, Jan"]
[Result "1-0"]
[WhiteElo "2610"]
[BlackElo "2571"]
[PlyCount "105"]
[EventDate "2015.10.10"]
[EventType "team-tourn"]
[EventRounds "11"]
[EventCountry "SVK"]
[SourceTitle "EXT 2017"]
[Source "ChessBase"]
[SourceDate "2016.10.25"]
[SourceVersion "1"]
[SourceVersionDate "2016.10.25"]
[SourceQuality "1"]
[WhiteTeam "Dunajov Inbest"]
[BlackTeam "Humenne Reinter"]
[WhiteTeamCountry "SVK"]
[BlackTeamCountry "SVK"]

1. d4 Nf6 2. c4 g6 3. g3 Bg7 4. Bg2 0-0 5. Nc3 d6 6. Nf3 Nbd7 7. 0-0 e5 8. Qc2 exd4 9. Nxd4 Nc5 10. Rd1 a5 11. e4 Bd7 12. h3 Re8 13. Bf4 Qc8 14. Kh2 Ne6 15. Nxe6 Bxe6 16. Nd5 Nd7 17. Be3 c6 18. Nb6 Nxb6 19. Bxb6 c5 20. Rxd6 Be5 21. Rad1 Bxd6 22. Rxd6 a4 23. b3 axb3 24. axb3 Bd7 25. Qd2 Re6 26. e5 Rxd6 27. exd6 Bc6 28. Bd5 Qd7 29. Bxc5 Re8 30. Be3 Bxd5 31. Qxd5 Kg7 32. b4 f6 33. Bd4 Qf7 34. Bb6 Qd7 35. Bc7 Re2 36. Kg2 Re6 37. Qb5 Qc8 38. c5 Re5 39. Qd3 Qd7 40. Qf3 Qb5 41. Bb6 Re1 42. Qxb7+ Kh6 43. Kh2 Qd3 44. Qg2 g5 45. Bc7 Re2 46. c6 Qd2 47. Bb6 Qxd6 48. Qf3 Re8 49. b5 Kg7 50. Qf5 Re6 51. Bc5 Qe5 52. Qxe5 Rxe5 53. Bd6 1-0